000 00672nam a22001937a 4500
999 _c191913
_d191913
005 20220907114227.0
010 _aUR-11710
020 _a9789391238841
_c350.00
035 _aU-10265
037 _bDBAD/PUB
_a-
082 _a844
100 _aانور معظم
245 _aجمال الدین افغانی :
_bتبدیلی کا مفکّر /
_cانور معظم
_hا ر د و
246 _aJamaluddin Afghani Tabdili ka Mufakkir /
_bby Anwar Moazzam
260 _aNew Delhi
_bEducational Publishing House
_c2021 ء
270 _aH.o D1/16, Ansari Road, Daryaganj
_bNew Delhi
_e110002
300 _a271 ص
_c23cm(Hb)
942 _2ddc
_cUR
_h844
_mا ن و